Etiqueta de registo: 00254nam 2200025 450
001 2153276
003 http://id.bnportugal.gov.pt/bib/catbnp/2153276
010 ## $a978-989-572-129-0
021 ## $aPT$b515670/23
100 ## $a20240117d2023 bc y0pory01030103ba
101 0# $apor
102 ## $aPT
105 ## $aa z 000fy
106 ## $ar
200 1# $a O príncipe das mãos pequenas$fLuísa Rosmaninho$gil. Priscila Silveira
205 ## $a1ª ed
210 #9 $aCarnaxide$cCordel d'Prata,$d2023
215 ## $a55, [3] p.$cil.$d20 cm
225 2# $aÉ tão bom ser criança
675 ## $a087.5$vBN$zpor$3287999
675 ## $a821.134.3-93"20"$vBN$zpor$31046482
700 #1 $aRosmaninho,$bLuísa,$f1973-$31903559
702 #1 $aSilveira,$bPriscila$4440$31902036
801 #0 $aPT$bBN$gRPC
856 41 $uhttp://rnod.bnportugal.gov.pt/ImagesBN/winlibimg.aspx?skey=&doc=2153276&img=187870&save=true
900 ## $aBIBNAC$d20240201
966 ## $lBN$mFGMON$sP. 28368 P.$x1
971 ## $corlando$d20240117
972 ## $e0$z0$d20240201$viquintas
973 ## $cacosta$d20240118
Etiqueta de registo: 00254nam 2200025 450
001 2282005
003 http://id.bnportugal.gov.pt/bib/catbnp/2282005
010 ## $a978-989-9219-44-1
021 ## $aPT$b545962/25
100 ## $a20260320d2025 bc y0pory01030103ba
101 0# $apor
102 ## $aPT
105 ## $aa z 000fy
106 ## $ar
200 1# $aMalagueta não sabe nadar$fLuísa Rosmaninho
205 ## $a1ª ed
210 #9 $a[S.l.]$cOficina da Escrita,$d2025
215 ## $a27, [3] p.$cil.$d23 cm
675 ## $a087.5$vBN$zpor$3287999
675 ## $a821.134.3-93"20"$vBN$zpor$31046482
700 #1 $aRosmaninho,$bLuísa,$f1973-$31903559
801 #0 $aPT$bBN$gRPC
856 41 $uhttp://rnod.bnportugal.gov.pt/ImagesBN/winlibimg.aspx?skey=&doc=2282005&img=221476&save=true
900 ## $aBIBNAC$d20260428
966 ## $lBN$mFGMON$sP. 72575 V.$x1
971 ## $cisantos$d20260320
972 ## $e0$z0$d20260428$vasantos
973 ## $cmlsousa$d20260420